Minutes of the first session of the fourth General Assembly of the Commonwealth of Pennsylvania.

Bibliographic Details
Corporate Author: Pennsylvania. General Assembly
Format: eBook
Language:English
Series:Early American imprints. Evans (1639-1800) ; no. 16447.
Online Access:Evans Digital Edition

MARC

Tag First Indicator Second Indicator Subfields
LEADER 00000cam a22000001a 4500
001 in00002136010
006 m e d #
007 cr mn mmmmabba
008 870909m17791780pau s 000 0 eng d
005 20260331160208.2
035 |z w023393 
035 |a MAAR8709093906B 
035 |9 mwa91-15564 
035 |a 326244 
035 |a aas03023393 
040 |a MWA  |c MWA  |e bdrb  |d UtOrBLW 
110 1 |a Pennsylvania.  |b General Assembly. 
245 1 0 |a Minutes of the first session of the fourth General Assembly of the Commonwealth of Pennsylvania. 
264 3 |a Philadelphia :  |b Printed by John Dunlap,  |c [1779-1780] 
300 |a pages [154]-298 ;  |c (folio) 
336 |a text  |b txt  |2 rdacontent 
337 |a computer  |b c  |2 rdamedia 
338 |a online resource  |b cr  |2 rdacarrier 
500 |a Contains also the minutes of the second, third, and fourth sessions, through Saturday, Sept. 23, 1780. 
500 |a Caption title. 
500 |a Imprint from colophon. 
500 |a Issued in parts; pagination continues Minutes of the third General Assembly (Evans 15974). 
510 4 |a Evans  |c 16447 
510 4 |a Hildeburn, C.R. Pennsylvania,  |c 3906 
530 |a Microform version available in the Readex Early American Imprints series. 
533 |a Electronic text and image data.  |b [Chester, Vt. :  |c Readex, a division of Newsbank, Inc.,  |d 2002-2004.  |e Includes files in TIFF, GIF and PDF formats with inclusion of keyword searchable text.  |f (Early American imprints. First series ; no. 16447). 
500 |a Electronic resource. 
752 |a United States  |b Pennsylvania  |d Philadelphia. 
830 0 |a Early American imprints.  |n Series I,  |p Evans (1639-1800) ;  |v no. 16447. 
856 4 1 |u http://proxy.library.tamu.edu/login?url=https://opac.newsbank.com/select/evans/16447  |y Evans Digital Edition  |t 0 
999 |a MARS 
999 f f |s 43253429-335d-31fb-9f91-1684dbea9c3a  |i dcb0b3dc-0305-3402-86a0-cc63717c01fb  |t 0 
952 f f |a Texas A&M University  |b College Station  |c Electronic Resources  |s www_evans  |d Available Online  |t 0  |h No information provided 
998 f f |t 0  |l Available Online